000 00847nam a22002417a 4500
008 240821b mp ||||| |||| 00| 0 mon d
040 _aSE0153081
_bmon
_cMN-UlNLM
_dMN-UlNLM
_erda
041 _amon
084 _2NNA
_a84/5Энэт/
_bЧ-205
100 _aЧандар К.
245 0 _aМянган эрийн сэтгэлийг булаасан бүсгүй
245 0 _b0
245 0 _cОрч. С.Пүрэвжав; Ред. Ш.Цэрэнрагчаа
264 _aУБ
_bУХГ
_c1969
300 _a116х
336 _2rdacontent
_atext
_btxt
337 _2rdamedia
_aunmediated
_bn
338 _2rdacarrier
_avolume
_bnc
505 _tЧандар; Мянган эрийн сэтгэлийг булаасан бүсгүй; Пүрэвжав; Цэрэнрагчаа
942 _2NNA
_cBK
999 _c1147903
_d1147960